| 000 | 00515nam a2200181 i 4500 | ||
|---|---|---|---|
| 001 | bg | ||
| 100 | 1 | _aDZIEŻYC, Józef | |
| 245 | 0 |
_aPodstawy rolnictwa : _bpodręcznik dla studentów akademii rolniczych i wyższych szkół ekonomicznych / _cJózef Dzieżyc. |
|
| 250 | _aWyd.2 popr.i uzup. | ||
| 260 |
_aWarszawa : _bPWN, _c1973. |
||
| 650 | 9 | _aRolnictwo | |
| 655 | _aPodręczniki akademickie | ||
| 040 | _cBPK | ||
| 041 | _apol | ||
| 080 | _a63 | ||
| 942 | _cKS | ||
| 008 | s pl f |000 0 pol | ||
| 999 |
_c16605 _d16605 |
||
| 856 |
_uhttp://koha.tu.koszalin.pl/cgi-bin/koha/opac-detail.pl?biblionumber=16605 _yKatalog online BPK |
||